Zverejňovanie v praxi organizácií samosprávy

Často kladené otázky v aplikačnej praxi zverejňovania povinných údajov, t. j. uzatvorených zmlúv, faktúr a vystavených objednávok. Vzorová interná smernica k zverejňovaniu, ktorá predstavuje fakultatívnu (nepovinnú) možnosť pre subjekty územnej samosprávy.

Na minha lista:
Detalhes bibliográficos
Autor principal: Sýkora, Jozef
Formato: Capítulo de Livro
Idioma:eslovaco
Assuntos:
Tags: Adicionar Tag
Sem tags, seja o primeiro a adicionar uma tag!

MARC

LEADER 00000naa a2200000 4500
001 0246543
005 20240221125810.3
041 0 |a slo 
044 |a SK 
245 1 0 |a Zverejňovanie v praxi organizácií samosprávy  |c Jozef Sýkora 
520 |a Často kladené otázky v aplikačnej praxi zverejňovania povinných údajov, t. j. uzatvorených zmlúv, faktúr a vystavených objednávok. Vzorová interná smernica k zverejňovaniu, ktorá predstavuje fakultatívnu (nepovinnú) možnosť pre subjekty územnej samosprávy. 
610 2 0 |a faktúry 
610 2 0 |a zmluvy 
610 2 0 |a samospráva 
610 2 0 |a informácie 
610 2 0 |a ochrana informácií 
100 1 |a Sýkora, Jozef